[Event "Shanghai Haiwan Cup 2019"]
[Site "Shanghai CHN"]
[Date "2019.09.04"]
[EventDate "?"]
[Round "1.1"]
[Result "1/2-1/2"]
[White "Semen Khanin"]
[Black "D Gukesh"]
[WhiteElo "2503"]
[BlackElo "2535"]
[PlyCount "60"]

1. e4 c5 2. Nf3 d6 3. d4 cxd4 4. Nxd4 Nf6 5. Nc3 a6 6. f3 h5 7. Bg5 e6 8. Qd2 Be7 9. h4 b5 10. a4 bxa4 11. Rxa4 O-O 12. Be2 Bd7 13. Ra2 Nc6 14. Nxc6 Bxc6 15. O-O d5 16. exd5 Nxd5 17. Nxd5 Bxd5 18. Bxe7 Qxe7 19. Ra4 Bc6 20. Rd4 e5 21. Rd6 Rac8 22. Rd1 Bb5 23. Rd5 Qxh4 24. Bxb5 axb5 25. Qe2 Rfd8 26. Rxd8+ Rxd8 27. Rxd8+ Qxd8 28. Qxe5 Qd1+ 29. Kh2 Qxc2 30. Qxb5 Qc7+ 1/2-1/2

[Event "Shanghai Haiwan Cup 2019"]
[Site "Shanghai CHN"]
[Date "2019.09.05"]
[EventDate "?"]
[Round "2.1"]
[Result "0-1"]
[White "D Gukesh"]
[Black "Jinshi Bai"]
[WhiteElo "2535"]
[BlackElo "2591"]
[PlyCount "52"]

1. Nf3 Nf6 2. c4 g6 3. g3 Bg7 4. Bg2 c5 5. d4 d5 6. dxc5 Qa5+ 7. Nfd2 dxc4 8. Nc3 Qxc5 9. Qa4+ Nc6 10. Nxc4 Ng4 11. O-O Bxc3 12. bxc3 b5 13. Ba3 Qh5 14. h3 Nge5 15. Nd6+ exd6 16. Bxc6+ Nxc6 17. Qe4+ Kd7 18. Rfd1 Bb7 19. Rxd6+ Kc7 20. Qf4 Ne5 21. Rf6 Rae8 22. f3 Kc8 23. Bd6 Nd7 24. Rxf7 Rxe2 25. Qd4 Rhe8 26. Rxd7 Rg2+ 0-1

[Event "Shanghai Haiwan Cup 2019"]
[Site "Shanghai CHN"]
[Date "2019.09.06"]
[EventDate "?"]
[Round "3.1"]
[Result "1-0"]
[White "Changren Dai"]
[Black "D Gukesh"]
[WhiteElo "2512"]
[BlackElo "2535"]
[PlyCount "68"]

1. e4 c5 2. Nf3 d6 3. d4 cxd4 4. Nxd4 Nf6 5. Nc3 a6 6. h3 g6 7. g4 Bg7 8. Bg2 O-O 9. Be3 Bd7 10. Qd2 Nc6 11. O-O-O Ne8 12. Kb1 Nc7 13. f4 Nb5 14. Ndxb5 axb5 15. Nxb5 Na5 16. Bf1 Be6 17. a3 Nc4 18. Bxc4 Bxc4 19. Qb4 Qc8 20. Bd4 f6 21. f5 Bf7 22. b3 d5 23. Bb2 dxe4 24. Qxe4 Re8 25. a4 Ra6 26. Rhe1 Bf8 27. Re3 e6 28. Rc3 exf5 29. Rxc8 Rxe4 30. Rdd8 Re1+ 31. Bc1 f4 32. Rxf8+ Kg7 33. Nd4 Rd6 34. Rfd8 1-0

[Event "Shanghai Haiwan Cup 2019"]
[Site "Shanghai CHN"]
[Date "2019.09.07"]
[EventDate "?"]
[Round "4.1"]
[Result "0-1"]
[White "D Gukesh"]
[Black "Arash Tahbaz"]
[WhiteElo "2535"]
[BlackElo "2471"]
[PlyCount "68"]

1. Nf3 c5 2. c4 g6 3. d4 cxd4 4. Nxd4 Nc6 5. e4 Nf6 6. Nc3 Nxd4 7. Qxd4 d6 8. Be3 Bg7 9. Be2 O-O 10. Qd2 a5 11. O-O a4 12. Bd4 Be6 13. b3 axb3 14. axb3 Nd7 15. Rxa8 Qxa8 16. f4 Nf6 17. f5 Bd7 18. g4 Qa5 19. Qb2 Qd8 20. Nd5 g5 21. h4 h6 22. hxg5 hxg5 23. Qc1 Nxd5 24. Bxg7 Nf4 25. Rxf4 Kxg7 26. Rf2 f6 27. Qe3 Qa5 28. Bf1 Qe5 29. Rh2 Bc6 30. Bd3 Ra8 31. Rf2 Rh8 32. b4 Rh4 33. Rg2 Qa1+ 34. Bf1 Qb1 0-1

[Event "Shanghai Haiwan Cup 2019"]
[Site "Shanghai CHN"]
[Date "2019.09.09"]
[EventDate "?"]
[Round "6.1"]
[Result "1/2-1/2"]
[White "D Gukesh"]
[Black "Di Li"]
[WhiteElo "2535"]
[BlackElo "2538"]
[PlyCount "60"]

1. d4 d5 2. c4 c6 3. Nc3 Nf6 4. Nf3 g6 5. cxd5 cxd5 6. Qb3 Nc6 7. Bg5 Na5 8. Qa3 Nc4 9. Qb3 Na5 10. Qa4+ Bd7 11. Qd1 Ne4 12. Nxe4 dxe4 13. Nd2 f6 14. Be3 f5 15. Bf4 Bg7 16. e3 Qb6 17. Rb1 e5 18. dxe5 Nc6 19. Be2 Be6 20. O-O Bxe5 21. Bc4 Bd7 22. Bf7+ Kxf7 23. Nc4 Qc7 24. Nxe5+ Nxe5 25. Bxe5 Qxe5 26. Qxd7+ Qe7 27. Qd5+ Kg7 28. Qd4+ Kh6 29. Rbc1 Rhd8 30. Qa4 a6 1/2-1/2

[Event "Shanghai Haiwan Cup 2019"]
[Site "Shanghai CHN"]
[Date "2019.09.10"]
[EventDate "?"]
[Round "7.1"]
[Result "1/2-1/2"]
[White "Haik M Martirosyan"]
[Black "D Gukesh"]
[WhiteElo "2608"]
[BlackElo "2535"]
[PlyCount "72"]

1. d4 d5 2. c4 c6 3. Nf3 Nf6 4. Nc3 e6 5. Bg5 h6 6. Bxf6 Qxf6 7. Qb3 dxc4 8. Qxc4 Nd7 9. Rd1 Be7 10. e3 g6 11. Qb3 e5 12. Ne4 Qg7 13. d5 O-O 14. Be2 Nb6 15. d6 Bf6 16. O-O Be6 17. Qc3 Rfd8 18. b3 Bd5 19. Nfd2 Nc8 20. Qb4 b6 21. Bf3 a5 22. Qa3 Nxd6 23. Nxd6 Be7 24. N2c4 Bxf3 25. gxf3 b5 26. Qb2 bxc4 27. Nxc4 Qf6 28. Qxe5 Qxf3 29. Rxd8+ Rxd8 30. Qg3 Qe2 31. f4 Rd1 32. Rxd1 Qxd1+ 33. Kg2 Qe2+ 34. Qf2 Qg4+ 35. Qg3 Qe2+ 36. Qf2 1/2-1/2

[Event "1st elllobregat Open 2019"]
[Site "El Prat ESP"]
[Date "2019.12.09"]
[EventDate "?"]
[Round "7.8"]
[Result "0-1"]
[White "Zhen Yu Cyrus Low"]
[Black "D Gukesh"]
[WhiteElo "2420"]
[BlackElo "2547"]
[PlyCount "62"]

1. e4 g6 2. d4 Bg7 3. Nc3 d6 4. f4 Nf6 5. Bd3 Nc6 6. e5 dxe5 7. fxe5 Nh5 8. Bb5 O-O 9. Be3 f6 10. g4 fxe5 11. d5 Nd4 12. gxh5 e6 13. Bd3 exd5 14. Qd2 e4 15. Bxe4 dxe4 16. O-O-O Bg4 17. h6 Be5 18. Re1 Nf3 19. Nxf3 Bxf3 20. Rhf1 Qxd2+ 21. Bxd2 Rae8 22. Rf2 Bf6 23. Rff1 Bh4 24. Nd5 Bxe1 25. Rxe1 c6 26. Ne3 Re5 27. Nc4 Rh5 28. Nd6 b6 29. Nxe4 Bxe4 30. Rxe4 Rf1+ 31. Be1 Rxh2 0-1

[Event "1st elllobregat Open 2019"]
[Site "El Prat ESP"]
[Date "2019.12.10"]
[EventDate "?"]
[Round "8.5"]
[Result "1/2-1/2"]
[White "D Gukesh"]
[Black "Raja Rithvik R"]
[WhiteElo "2547"]
[BlackElo "2381"]
[PlyCount "50"]

1. Nf3 d5 2. e3 Nf6 3. c4 e6 4. Nc3 b6 5. cxd5 exd5 6. b3 Bb7 7. Bb2 Nbd7 8. d4 Bd6 9. Rc1 a6 10. g3 O-O 11. Bg2 Qe7 12. O-O Ne4 13. Ne2 a5 14. Nf4 a4 15. bxa4 Ra5 16. Qc2 c6 17. Ne5 Nxe5 18. dxe5 Bxe5 19. Bxe4 dxe4 20. Qxe4 Re8 21. Rfd1 h6 22. Nd3 Bf6 23. Qg4 c5 24. Rd2 h5 25. Qf4 Bg5 1/2-1/2

[Event "World Rapid Championship"]
[Site "Moscow RUS"]
[Date "2019.12.26"]
[EventDate "2019.12.26"]
[Round "2.34"]
[Result "1/2-1/2"]
[White "D Gukesh"]
[Black "Alexandr Predke"]
[WhiteElo "2547"]
[BlackElo "2676"]
[PlyCount "76"]

1. c4 c6 2. Nf3 d5 3. e3 Nf6 4. Nc3 Bg4 5. h3 Bxf3 6. Qxf3 e6 7. b3 Nbd7 8. Bb2
Nc5 9. cxd5 exd5 10. Be2 Bd6 11. O-O O-O 12. d3 Re8 13. Rfd1 Qe7 14. Bf1 Ne6 15.
Ne2 Nd7 16. Ng3 g6 17. Qg4 Be5 18. Bxe5 Nxe5 19. Qe2 a5 20. d4 Nd7 21. Qc2 f5
22. Ne2 Qd6 23. g3 Nf6 24. Bg2 Ne4 25. Nc1 g5 26. Nd3 f4 27. Ne5 fxg3 28. fxg3
Nf8 29. Bxe4 dxe4 30. Qf2 Re7 31. Rf1 Nd7 32. Nxd7 Rxd7 33. Rac1 Rf8 34. Qxf8+
Qxf8 35. Rxf8+ Kxf8 36. Rc5 Rd5 37. Rxd5 cxd5 38. a4 1/2-1/2

[Event "World Rapid Championship"]
[Site "Moscow RUS"]
[Date "2019.12.26"]
[EventDate "2019.12.26"]
[Round "3.39"]
[Result "1-0"]
[White "Maxim Turov"]
[Black "D Gukesh"]
[WhiteElo "2574"]
[BlackElo "2547"]
[PlyCount "102"]

1. d4 Nf6 2. Nf3 g6 3. g3 Bg7 4. Bg2 O-O 5. O-O d6 6. Re1 Bf5 7. Nh4 Be4 8. f3
Bc6 9. e4 e5 10. dxe5 dxe5 11. Nc3 Na6 12. Be3 Qe7 13. Qe2 Nh5 14. Bf1 Nf4 15.
Qc4 Rad8 16. a3 Bd7 17. Nd5 Nxd5 18. Qxd5 Bc8 19. Qc4 Be6 20. Qb5 c6 21. Qa5 Qf6
22. Be2 h5 23. Red1 g5 24. Ng2 h4 25. g4 Bc8 26. Bxa7 h3 27. Ne3 Rfe8 28. Rxd8
Rxd8 29. Rd1 Rxd1+ 30. Nxd1 Bf8 31. Be3 Be7 32. Nf2 Qd6 33. Qd2 Qh6 34. Bxa6
bxa6 35. Nd3 Qf6 36. Qf2 c5 37. Bxc5 Bxc5 38. Nxc5 Qc6 39. Nd3 Qf6 40. Qe3 Be6
41. b3 Qd8 42. Kf2 f6 43. Kg3 Qc7 44. Nc5 Qh7 45. Kf2 Qh4+ 46. Ke2 Bc8 47. Nd3
Kg7 48. c4 Kg6 49. Qb6 Qh8 50. Nxe5+ Kh7 51. Qc7+ 1-0

[Event "World Rapid Championship"]
[Site "Moscow RUS"]
[Date "2019.12.26"]
[EventDate "2019.12.26"]
[Round "4.65"]
[Result "1-0"]
[White "Roman Kezin"]
[Black "D Gukesh"]
[WhiteElo "2470"]
[BlackElo "2547"]
[PlyCount "60"]

1. d4 Nf6 2. c4 g6 3. Nc3 Bg7 4. e4 d6 5. Nf3 O-O 6. h3 Na6 7. Be3 e5 8. d5 Nh5
9. g3 f5 10. exf5 gxf5 11. Nh4 Nf6 12. Bd3 e4 13. Be2 Nc5 14. Qd2 Nfd7 15. Ng2
Ne5 16. O-O Ncd3 17. b3 Qf6 18. Nb5 f4 19. Nxf4 Nxf4 20. Bxf4 Bxh3 21. Nxc7 Nf3+
22. Bxf3 exf3 23. Qe3 Bxf1 24. Rxf1 Rac8 25. Ne6 Rf7 26. Qxf3 Bh6 27. Qg4+ Kh8
28. Bxh6 Qxh6 29. Ng5 Rff8 30. Qxc8 1-0

[Event "World Rapid Championship"]
[Site "Moscow RUS"]
[Date "2019.12.26"]
[EventDate "2019.12.26"]
[Round "5.82"]
[Result "1/2-1/2"]
[White "D Gukesh"]
[Black "Dmitry Frolyanov"]
[WhiteElo "2547"]
[BlackElo "2556"]
[PlyCount "186"]

1. Nf3 d5 2. g3 g6 3. c4 dxc4 4. Na3 Bg7 5. Nxc4 Nc6 6. Bg2 e5 7. d3 Nge7 8. O-O
O-O 9. Bd2 Re8 10. Rc1 a5 11. b3 Nd5 12. Ng5 h6 13. Ne4 Kh7 14. Ne3 Nxe3 15.
Bxe3 Nd4 16. Nc5 c6 17. h3 Rb8 18. Na4 Be6 19. Qd2 Bd5 20. Bxd5 Qxd5 21. Nb6 Qd8
22. Nc4 b6 23. Rce1 c5 24. f4 e4 25. dxe4 Rxe4 26. Qd3 Qd5 27. Bxd4 cxd4 28. Rf3
Rbe8 29. Nxb6 Qe6 30. Nc4 Bf8 31. f5 gxf5 32. Ref1 Rxe2 33. Rxf5 Kg8 34. Rxf7
Bg7 35. R7f5 Rxa2 36. Rxa5 Rxa5 37. Nxa5 Qxh3 38. Nc4 Kh8 39. b4 Qh5 40. Rf5
Re1+ 41. Rf1 Re2 42. Rf2 Re1+ 43. Rf1 Re2 44. Rf2 Re7 45. Rf1 Qb5 46. Kh2 Re3
47. Rf8+ Bxf8 48. Qxd4+ Bg7 49. Qxe3 Qxc4 50. Qe8+ Kh7 51. b5 Qc2+ 52. Kh3 Qf5+
53. Kg2 Qd5+ 54. Kh2 Qd2+ 55. Kh3 Qd5 56. Qc6 Qh5+ 57. Kg2 Qe2+ 58. Kh3 Qf1+ 59.
Kh2 Qf2+ 60. Qg2 Qf5 61. Qc6 Be5 62. Qb7+ Kg6 63. Qc6+ Kg5 64. Qc1+ Kh5 65. Qc6
Qf2+ 66. Qg2 Qe3 67. b6 Kg5 68. b7 h5 69. Qh3 Qf2+ 70. Qg2 Qe1 71. Qh3 Qd2+ 72.
Qg2 Qd6 73. Qh3 Kh6 74. Qh4 Qd2+ 75. Kh3 Qd7+ 76. Kh2 Qxb7 77. Qc4 Qe7 78. Qc6+
Kg7 79. Kg2 Bf6 80. Qf3 Qe5 81. Qb7+ Kh6 82. Qf3 Qg5 83. Qf4 Kg6 84. Qxg5+ Kxg5
85. Kh1 Kg4 86. Kg2 Be5 87. Kh1 Kh3 88. Kg1 Bd4+ 89. Kh1 Kg4 90. Kg2 Be3 91. Kh1
Kf3 92. Kh2 Bf2 93. Kh1 1/2-1/2

[Event "World Rapid Championship"]
[Site "Moscow RUS"]
[Date "2019.12.27"]
[EventDate "2019.12.26"]
[Round "6.82"]
[Result "1-0"]
[White "Vladimir Belov"]
[Black "D Gukesh"]
[WhiteElo "2598"]
[BlackElo "2547"]
[PlyCount "80"]

1. e4 c5 2. Nf3 Nc6 3. d4 cxd4 4. Nxd4 Nf6 5. Nc3 e5 6. Ndb5 d6 7. Bg5 a6 8. Na3
b5 9. Nd5 Be7 10. Bxf6 Bxf6 11. c4 b4 12. Nc2 O-O 13. g3 Bg5 14. Bg2 Rb8 15. b3
Be6 16. O-O Qd7 17. Qd3 Qa7 18. Kh1 Bd8 19. Rad1 a5 20. f4 exf4 21. gxf4 a4 22.
Nde3 Bb6 23. e5 dxe5 24. Bxc6 exf4 25. Nd5 Bg4 26. Rde1 Bf2 27. Re5 f5 28. Nxf4
axb3 29. axb3 Bh4 30. Bd5+ Kh8 31. h3 Qc7 32. Re3 Qd6 33. Re6 Qc7 34. hxg4 fxg4
35. Re4 Qd6 36. Kg2 Bg5 37. Ne6 Rxf1 38. Qxf1 Bh6 39. Ne3 Qa6 40. Nxg4 1-0

[Event "World Rapid Championship"]
[Site "Moscow RUS"]
[Date "2019.12.27"]
[EventDate "2019.12.26"]
[Round "7.90"]
[Result "0-1"]
[White "D Gukesh"]
[Black "Pablo Zarnicki"]
[WhiteElo "2547"]
[BlackElo "2514"]
[PlyCount "116"]

1. c4 Nf6 2. Nc3 e6 3. e4 d5 4. e5 d4 5. exf6 dxc3 6. fxg7 cxd2+ 7. Bxd2 Bxg7 8.
Qb3 Nc6 9. Nf3 a5 10. O-O-O a4 11. Qc2 Qe7 12. a3 Bd7 13. Bd3 Na5 14. Kb1 Nb3
15. Bc3 Bxc3 16. Qxc3 O-O-O 17. Bc2 Rhg8 18. Ne5 Be8 19. Rxd8+ Qxd8 20. Rd1 Qe7
21. Bxb3 axb3 22. c5 f6 23. c6 fxe5 24. cxb7+ Kb8 25. Qxe5 Bc6 26. g3 Qf7 27.
Ka1 Qf5 28. Qc3 Qc2 29. Qe1 Bf3 30. Rd2 Qc4 31. Qb1 Kxb7 32. Rd7 Be4 33. Qe1 Ra8
34. Rd1 Qc2 35. Qb4+ Kc8 36. Qf8+ Kb7 37. Qb4+ Kc6 38. Re1 Rd8 39. Qa4+ Kb7 40.
Qb5+ Kc8 41. Qa6+ Bb7 42. Qxe6+ Kb8 43. Qg4 Rc8 44. Qd4 Rf8 45. h4 h5 46. f4 Rc8
47. Rf1 c5 48. Qe5+ Ka8 49. f5 Rd8 50. Qe1 Rd2 51. Qb1 Qxb1+ 52. Kxb1 Be4+ 53.
Kc1 Rc2+ 54. Kd1 Rxb2 55. Rf4 Bd5 56. f6 Bf7 57. Re4 Rf2 58. Re5 b2 0-1

[Event "World Rapid Championship"]
[Site "Moscow RUS"]
[Date "2019.12.27"]
[EventDate "2019.12.26"]
[Round "8.96"]
[Result "0-1"]
[White "Alexey Kim"]
[Black "D Gukesh"]
[WhiteElo "2464"]
[BlackElo "2547"]
[PlyCount "70"]

1. e4 c5 2. Nf3 Nc6 3. d4 cxd4 4. Nxd4 e6 5. Nc3 Qc7 6. g3 a6 7. Bg2 h5 8. h3 h4
9. g4 Bc5 10. Nb3 Ba7 11. Qe2 Nge7 12. Be3 Ng6 13. O-O-O Nf4 14. Qf3 Bxe3+ 15.
fxe3 Ng6 16. Nd4 Nce5 17. Qf2 O-O 18. Nce2 b5 19. Nf4 Bb7 20. Kb1 Rac8 21. g5
Qd8 22. Rhg1 Qxg5 23. Bh1 Qf6 24. Rdf1 Qe7 25. Qe2 Rc5 26. Nb3 Rc7 27. Qh5 Rfc8
28. Rf2 Ba8 29. Rg5 Qb4 30. c3 Bxe4+ 31. Ka1 Bxh1 32. Nxg6 fxg6 33. Qe2 Qd6 34.
Qf1 Bd5 35. Rd2 Rf8 0-1

[Event "World Rapid Championship"]
[Site "Moscow RUS"]
[Date "2019.12.27"]
[EventDate "2019.12.26"]
[Round "9.88"]
[Result "1-0"]
[White "D Gukesh"]
[Black "Pontus Carlsson"]
[WhiteElo "2547"]
[BlackElo "2456"]
[PlyCount "98"]

1. Nf3 Nf6 2. c4 c5 3. g3 b6 4. Bg2 Bb7 5. O-O e6 6. Nc3 Be7 7. Re1 Ne4 8. Nxe4
Bxe4 9. d3 Bb7 10. e4 O-O 11. d4 cxd4 12. Nxd4 d6 13. b3 a6 14. Bb2 Nd7 15. Qe2
Qc7 16. Rac1 Rfe8 17. Red1 Rac8 18. Rd2 Qb8 19. Rcd1 Ba8 20. Nc2 b5 21. cxb5
axb5 22. Nd4 Rc5 23. b4 Rc4 24. a4 Rxb4 25. axb5 Ne5 26. Rc2 Qb6 27. Kh1 Bf8 28.
f4 Nd7 29. Bc3 Ra4 30. Nc6 Nc5 31. e5 d5 32. Bd4 Bxc6 33. bxc6 Qxc6 34. Qe3 Rc8
35. Rdc1 Ra5 36. Bf1 g6 37. g4 Rc7 38. f5 Rc8 39. h4 Rc7 40. h5 Rc8 41. hxg6
hxg6 42. f6 Qa4 43. Rh2 Qa3 44. Rc3 Qa1 45. Qh3 Bh6 46. Qxh6 Qxf1+ 47. Bg1 Qxg1+
48. Kxg1 Ra1+ 49. Rc1 1-0

[Event "World Rapid Championship"]
[Site "Moscow RUS"]
[Date "2019.12.27"]
[EventDate "2019.12.26"]
[Round "10.75"]
[Result "1-0"]
[White "Srinath Narayanan"]
[Black "D Gukesh"]
[WhiteElo "2529"]
[BlackElo "2547"]
[PlyCount "104"]

1. e4 c5 2. Nf3 Nc6 3. Bb5 e6 4. O-O Nge7 5. Re1 Nd4 6. Nxd4 cxd4 7. d3 a6 8.
Ba4 b5 9. Bb3 Nc6 10. a4 Bb7 11. Nd2 Bc5 12. Qh5 d6 13. f4 Qd7 14. f5 O-O-O 15.
axb5 axb5 16. fxe6 fxe6 17. Nf3 Rdf8 18. Qh3 Nd8 19. Bg5 e5 20. Qxd7+ Kxd7 21.
Bxd8 Rxd8 22. Ng5 Ra8 23. Rxa8 Rxa8 24. Rf1 Re8 25. Nxh7 d5 26. Rf7+ Re7 27.
Rxe7+ Bxe7 28. Bxd5 Bxd5 29. exd5 Kd6 30. Kf2 Kxd5 31. Kf3 b4 32. g3 g5 33. h3
Ke6 34. Kg4 b3 35. cxb3 e4 36. dxe4 d3 37. Kf3 Kf7 38. Ke3 Kg6 39. Nxg5 Kxg5 40.
Kxd3 Bd6 41. Kd4 Bxg3 42. Kd5 Kf6 43. b4 Be5 44. b3 Bg3 45. b5 Ke7 46. e5 Kd7
47. b6 Bh4 48. b7 Kc7 49. Ke6 Bg3 50. Kf6 Kxb7 51. e6 Bh4+ 52. Kf7 1-0

[Event "World Rapid Championship"]
[Site "Moscow RUS"]
[Date "2019.12.28"]
[EventDate "2019.12.26"]
[Round "11.82"]
[Result "1-0"]
[White "D Gukesh"]
[Black "Ruslan Shcherbakov"]
[WhiteElo "2547"]
[BlackElo "2527"]
[PlyCount "92"]

1. e4 c5 2. Nf3 Nc6 3. Bb5 g6 4. O-O Bg7 5. c3 Nf6 6. Re1 O-O 7. d4 d5 8. e5 Ne4
9. Be3 Qb6 10. Bxc6 bxc6 11. Qc1 Rb8 12. b3 Qa5 13. dxc5 Rxb3 14. axb3 Qxa1 15.
Nd4 Nxc5 16. Nc2 Nxb3 17. Nxa1 Nxc1 18. Bxc1 f6 19. e6 Ba6 20. Ba3 Rb8 21. Bxe7
Bd3 22. Nd2 f5 23. Nab3 Bxc3 24. Re3 Re8 25. Rxd3 Bxd2 26. Rxd2 Rxe7 27. Nc5 g5
28. Ra2 Kg7 29. Ra6 Rc7 30. Nd7 c5 31. e7 Kf7 32. Re6 Rc8 33. Re1 Re8 34. Nxc5
Rxe7 35. Ra1 Kf6 36. Kf1 Rc7 37. Nd3 f4 38. Ke2 Kf5 39. Kd2 h5 40. Re1 Rd7 41.
Re5+ Kf6 42. Re8 Rd6 43. h4 gxh4 44. Nxf4 Kf5 45. Rf8+ Kg4 46. Nh3 1-0

[Event "World Rapid Championship"]
[Site "Moscow RUS"]
[Date "2019.12.28"]
[EventDate "2019.12.26"]
[Round "12.69"]
[Result "1/2-1/2"]
[White "Vladislav Nozdrachev"]
[Black "D Gukesh"]
[WhiteElo "2494"]
[BlackElo "2547"]
[PlyCount "96"]

1. e4 g6 2. d4 Bg7 3. Nc3 d6 4. g3 Nc6 5. Be3 Nf6 6. h3 O-O 7. Nge2 e5 8. Bg2
exd4 9. Nxd4 Ne5 10. Qe2 Re8 11. O-O Bd7 12. Rad1 Qc8 13. g4 a6 14. f4 Nc6 15.
Qd2 Nxd4 16. Bxd4 Bc6 17. Rde1 Qd8 18. g5 Nd7 19. Bxg7 Kxg7 20. Nd1 h5 21. Nf2
Kg8 22. Qc3 Bb5 23. Nd3 Re7 24. b3 Rc8 25. a4 Bxd3 26. cxd3 c5 27. h4 Qb6 28. a5
Qb5 29. f5 Rce8 30. f6 Re5 31. Rb1 Nb8 32. b4 cxb4 33. Rxb4 Qxa5 34. Ra1 Rc5 35.
Qb2 Qd8 36. Rxb7 Nd7 37. Rxa6 Qc8 38. d4 Rc1+ 39. Kh2 Rc2 40. Qb3 Rxe4 41. Kg1
Re1+ 42. Bf1 Rcc1 43. Rba7 Rxf1+ 44. Kg2 Rc2+ 45. Kxf1 Rc1+ 46. Kg2 Rc2+ 47. Kf1
Rc1+ 48. Kg2 Rc2+ 1/2-1/2

[Event "World Rapid Championship"]
[Site "Moscow RUS"]
[Date "2019.12.28"]
[EventDate "2019.12.26"]
[Round "13.72"]
[Result "1-0"]
[White "D Gukesh"]
[Black "Grzegorz Gajewski"]
[WhiteElo "2547"]
[BlackElo "2626"]
[PlyCount "58"]

1. Nf3 d5 2. e3 Nf6 3. c4 e6 4. Nc3 Bd6 5. b3 O-O 6. Bb2 Re8 7. Qc2 c5 8. g4 d4
9. exd4 cxd4 10. Nxd4 Nxg4 11. Rg1 f5 12. h3 Nxf2 13. Nf3 e5 14. c5 Bxc5 15. Ng5
Be6 16. Nxe6 Rxe6 17. Bc4 Kh8 18. d4 Qxd4 19. Ne2 Qh4 20. Bxe6 Nd3+ 21. Kd2 Qh6+
22. Kxd3 Qe3+ 23. Kc4 Nc6 24. Rg3 Na5+ 25. Kb5 a6+ 26. Kxa5 b6+ 27. Ka4 b5+ 28.
Ka5 Qf2 29. Nd4 1-0

[Event "World Rapid Championship"]
[Site "Moscow RUS"]
[Date "2019.12.28"]
[EventDate "2019.12.26"]
[Round "14.60"]
[Result "0-1"]
[White "Marin Bosiocic"]
[Black "D Gukesh"]
[WhiteElo "2623"]
[BlackElo "2547"]
[PlyCount "88"]

1. e4 c5 2. Nf3 Nc6 3. Bb5 g6 4. O-O Bg7 5. c3 Nf6 6. Re1 O-O 7. e5 Nd5 8. h3
Nc7 9. Bxc6 dxc6 10. d4 cxd4 11. cxd4 Be6 12. Nc3 Bd5 13. Be3 Qd7 14. Nh2 Rad8
15. Qd2 Ne6 16. Rad1 f5 17. Bh6 Bxh6 18. Qxh6 b5 19. b3 Qe8 20. Qc1 a5 21. Re2
Qd7 22. Nf1 g5 23. Rc2 f4 24. Rdd2 f3 25. Nxd5 cxd5 26. g4 h5 27. Ne3 hxg4 28.
hxg4 Rf4 29. Qb1 Nxd4 30. Rxd4 Rxd4 31. Rc4 Re4 32. Rxe4 dxe4 33. Qxe4 Qe6 34.
a4 b4 35. Qxf3 Qxe5 36. Qc6 Kf7 37. Qc4+ e6 38. Qc6 Rd3 39. Qc2 Rxe3 40. fxe3
Qxe3+ 41. Kg2 Qc3 42. Qh7+ Qg7 43. Qc2 Qe5 44. Qc4 Qd5+ 0-1

[Event "World Rapid Championship"]
[Site "Moscow RUS"]
[Date "2019.12.28"]
[EventDate "2019.12.26"]
[Round "15"]
[Result "1-0"]
[White "D Gukesh"]
[Black "Krishnan Sasikiran"]
[WhiteElo "1799"]
[BlackElo "2601"]
[PlyCount "54"]

1. c4 e5 2. g3 Nc6 3. Bg2 f5 4. Nc3 Nf6 5. e3 Bb4 6. Nd5 e4 7. a3 Bd6 8. d3
O-O 9. dxe4 Nxe4 10. Nf3 Ne7 11. b4 c6 12. Nf4 Bxf4 13. exf4 d5 14. cxd5
Qxd5 15. O-O Qxd1 16. Rxd1 Be6 17. Ne5 Rad8 18. Be3 b6 19. a4 Bb3 20. Rxd8
Rxd8 21. a5 bxa5 22. bxa5 c5 23. Bxe4 fxe4 24. Bxc5 Nc8 25. Rb1 Bc2 26. Rb8
Re8 27. Bxa7 1-0

[Event "Gibraltar Masters"]
[Site "La Caleta GIB"]
[Date "2020.01.23"]
[EventDate "2020.01.21"]
[Round "3.40"]
[Result "1/2-1/2"]
[White "Adrian Gschnitzer"]
[Black "D Gukesh"]
[WhiteElo "2388"]
[BlackElo "2542"]
[PlyCount "38"]

1. e4 g6 2. d4 Bg7 3. Nc3 d6 4. f4 Nf6 5. Nf3 O-O 6. e5 dxe5
7. fxe5 Nd5 8. Bc4 Nb6 9. Bb3 Nc6 10. O-O Bg4 11. Be3 Na5
12. Qe2 Nxb3 13. axb3 c6 14. h3 Bf5 15. Ng5 Nd5 16. Nxd5 cxd5
17. Rxf5 gxf5 18. Qh5 h6 19. Nf3 Qb6 1/2-1/2

[Event "34th Cannes Open 2020"]
[Site "Cannes FRA"]
[Date "2020.02.17"]
[EventDate "?"]
[Round "1.4"]
[Result "0-1"]
[White "Eivind Bruaset"]
[Black "D Gukesh"]
[WhiteElo "2247"]
[BlackElo "2542"]
[PlyCount "56"]

1. e4 c5 2. Nf3 Nc6 3. d4 cxd4 4. Nxd4 e6 5. Nc3 a6 6. Nxc6 bxc6 7. Bd3 d5 8. O-O Nf6 9. Qe2 Bb7 10. f4 Qc7 11. Kh1 Be7 12. Bd2 c5 13. exd5 exd5 14. Rae1 Kf8 15. Nd1 Bd6 16. Nf2 h5 17. c4 d4 18. Ne4 Re8 19. Qf3 Nxe4 20. Bxe4 Rxe4 21. Rxe4 f5 22. Ba5 Qd7 23. Re8+ Kxe8 24. Qh3 Kf7 25. b4 g6 26. Bb6 Re8 27. bxc5 Bxf4 28. Qh4 Qc6 0-1

[Event "34th Cannes Open 2020"]
[Site "Cannes FRA"]
[Date "2020.02.18"]
[EventDate "?"]
[Round "3.4"]
[Result "1/2-1/2"]
[White "Sebastien Joie"]
[Black "D Gukesh"]
[WhiteElo "2421"]
[BlackElo "2542"]
[PlyCount "42"]

1. c4 e6 2. g3 d5 3. d4 dxc4 4. Nf3 c5 5. Qa4+ Nc6 6. dxc5 Bxc5 7. Bg2 Qa5+ 8. Nc3 Qxa4 9. Nxa4 Bb4+ 10. Bd2 Bd7 11. O-O Nf6 12. Bxb4 Nxb4 13. Nc5 b6 14. Nxd7 Nxd7 15. Nd4 Rd8 16. a3 Nd5 17. Nb5 Nc5 18. Nxa7 Ne7 19. Rad1 O-O 20. Nc6 Nxc6 21. Bxc6 Nb3 1/2-1/2

[Event "34th Cannes Open 2020"]
[Site "Cannes FRA"]
[Date "2020.02.18"]
[EventDate "?"]
[Round "2.4"]
[Result "1-0"]
[White "D Gukesh"]
[Black "Theo Bressy"]
[WhiteElo "2542"]
[BlackElo "2314"]
[PlyCount "134"]

1. Nf3 d5 2. e3 Nf6 3. c4 e6 4. Nc3 b6 5. cxd5 exd5 6. b3 Bb7 7. Bb2 Nbd7 8. Rc1 a6 9. d4 Bd6 10. g3 O-O 11. Bg2 Re8 12. O-O Ne4 13. Qc2 Rc8 14. Rfd1 Qe7 15. Qe2 f5 16. Ne1 Ndf6 17. Nd3 c5 18. dxc5 bxc5 19. Na4 Nd7 20. Nf4 Bxf4 21. exf4 Qf7 22. Qd3 Rc7 23. f3 c4 24. Qd4 Nd6 25. Nc3 Nf6 26. Re1 Nb5 27. Nxb5 axb5 28. Bh3 Bc8 29. Re5 Rxe5 30. fxe5 Ne8 31. Qb6 Rb7 32. Qc6 Be6 33. Rd1 Qd7 34. Qc5 Qf7 35. Bg2 f4 36. Ba3 g5 37. Bb4 h5 38. gxf4 gxf4 39. Qd4 Ra7 40. Rd2 Ng7 41. Bf1 Ra8 42. a3 h4 43. Kf2 h3 44. Ke1 Qf5 45. bxc4 bxc4 46. Rb2 Ra6 47. Bd6 Rc6 48. Rb8+ Kh7 49. Kd2 Qg5 50. Rb7 Kg6 51. Qa7 c3+ 52. Kc1 Nh5 53. Bd3+ Bf5 54. Rh7 Rc7 55. Bxf5+ Kxf5 56. Rxc7 Qg2 57. Rxc3 Qf1+ 58. Kb2 Qb5+ 59. Bb4 Qe2+ 60. Rc2 Qxe5+ 61. Bc3 Qe8 62. Qd4 Qb8+ 63. Ka2 Qd6 64. Re2 Kg6 65. Re5 Qa6 66. Qxd5 Nf6 67. Re6 1-0

[Event "34th Cannes Open 2020"]
[Site "Cannes FRA"]
[Date "2020.02.19"]
[EventDate "?"]
[Round "4.3"]
[Result "1-0"]
[White "D Gukesh"]
[Black "Fy Antenaina Rakotomaharo"]
[WhiteElo "2542"]
[BlackElo "2430"]
[PlyCount "68"]

1. c4 Nf6 2. Nc3 c5 3. g3 g6 4. Bg2 Bg7 5. Nf3 O-O 6. d4 d5 7. dxc5 Qa5 8. Qa4 Qxc5 9. cxd5 Nxd5 10. Nxd5 Qxd5 11. Qh4 Qa5+ 12. Bd2 Qb6 13. Qxe7 Nc6 14. Qh4 Qxb2 15. O-O h5 16. h3 Re8 17. g4 hxg4 18. hxg4 Re4 19. Rab1 Qxa2 20. Ng5 Rxg4 21. Qh7+ Kf8 22. Rfd1 b6 23. Kf1 Bb7 24. Bf3 Rd4 25. Bc3 Rad8 26. Bxd4 Rxd4 27. Qh3 Ba6 28. Kg2 Rxd1 29. Rxd1 Ne5 30. Nh7+ Ke7 31. Qh4+ f6 32. Qb4+ Ke8 33. Qd6 Bc4 34. Qc7 1-0